| 000 | 00000nam##2200000za#4500 |
| 001 | 9.602222 |
| 003 | CaOODSP |
| 005 | 20210624210449 |
| 007 | cr ||||||||||| |
| 008 | 150406|2000||||xxc|||||o f|0| 0 fre|d |
| 040 | |aCaOODSP|bfre |
| 043 | |an-cn--- |
| 086 | 1 |aNH18-24/25F-PDF |
| 110 | 2 |aSociété canadienne d'hypothèques et de logement. |
| 245 | 13|aLe monoxyde de carbone |h[ressource électronique] |
| 260 | |aOttawa - Ontario : |bSociété canadienne d'hypothèques et de logement |cc2000. |
| 300 | |a4p.|bréférences, tableaux |
| 490 | 1 |aVotre maison |vCF25 |
| 590 | |a11-23-Supp|b2011-10-17 |
| 775 | 08|tCarbon monoxide |w(CaOODSP)9.571799 |
| 776 | 0#|tLe monoxide de carbone |w(CaOODSP)9.625741 |
| 830 | #0|aVotre maison ;|vCF25|w(CaOODSP)9.501787 |
| 856 | 40|ahttp://publications.gc.ca|qPDF|s142 Ko|uhttps://publications.gc.ca/collections/Collection/NH18-24-25F.pdf|yCF25 |